MAASAI MARA UNIVERSITY

LIBRARY CATALOGUE

Contact Us: +254 020 2685356/7 or 0774 057787

Box: 861-20500, NAROK, KENYA

Email: info@mmarau.ac.ke

_Elementary Number Theory with Applications (2nd ed) (Record no. 5592)

MARC details
000 -LEADER
fixed length control field 00446nam a2200157Ia 4500
008 - FIXED-LENGTH DATA ELEMENTS--GENERAL INFORMATION
fixed length control field 151021s9999 xx 000 0 und d
020 ## - INTERNATIONAL STANDARD BOOK NUMBER
International Standard Book Number 9.7881312186e+012
050 ## - LIBRARY OF CONGRESS CALL NUMBER
Classification number QA241.672007
245 ## - TITLE STATEMENT
Title _Elementary Number Theory with Applications (2nd ed)
250 ## - EDITION STATEMENT
Edition statement 2nd Ed.
260 ## - PUBLICATION, DISTRIBUTION, ETC. (IMPRINT)
Place of publication, distribution, etc. USA Academic press 2007
300 ## - PHYSICAL DESCRIPTION
Extent xxi,771p.
500 ## - GENERAL NOTE
General note includes index
650 ## - SUBJECT ADDED ENTRY--TOPICAL TERM
Topical term or geographic name as entry element _Elementary number
980 ## - EQUIVALENCE OR CROSS-REFERENCE-SERIES STATEMENT--PERSONAL NAME/TITLE [LOCAL, CANADA]
Personal name ^d20110118 10:49:00^okilerai

No items available.

© 2016 Maasai Mara University.